000
00309nam a2200145Ia 4500
100
_a
Niederst/ Jennifer
942
_c
BK
654
_a
Web design
245
_a
Web Design : In a Nutshell
260
_b
Oreilly & Ass Inc
_c
1999
082
_a
5.74
_b
NIE
300
_a
560
546
_a
ENGLISH
999
_c
22724
_d
22724